00752nam a2200253Ia 4500003000400000005001700004008004100021020002200062040000700084041000800091082001500099100002700114245003300141250000600174260004200180300001500222365001300237650001700250650002000267906003100287942001200318999001900330952014900349OSt20230511142105.0210423s2013 xx 000 0 und d a978-81-203-2198-4 cAL aeng a536.2 PATS aPATRANABIS (D)9103163 aSensors and transducers Ed 2 a2 aNew DelhibPHI Learning Pvt Ltdc2013 ax,335pbPB b275cINR aHeat9103164 aPhysics9103165 aEd ; Sensors ; transducers 2ddccBK c166015d166015 001040708PHYaSACPGbSACPGd2014-11-07eIntact Bookhouseg275.00l3m1o536.2 PATSpPG012514r2024-08-23 00:00:00s2024-08-10w2021-04-26yBK